| 000 | 01375cam a2200325 a 4500 | ||
|---|---|---|---|
| 999 |
_c234607 _d234607 |
||
| 001 | 17354498 | ||
| 003 | Nust | ||
| 005 | 20170327133212.0 | ||
| 008 | 120620s2012 mauab b 000 1 eng | ||
| 010 | _a 2012024171 | ||
| 020 | _a9780141024448 | ||
| 040 |
_aDLC _cDLC _dDLC |
||
| 042 | _apcc | ||
| 050 | 0 | 0 |
_aPR5397 _b.F7 2012c |
| 082 | 0 | 0 |
_a823.7 _bSHE |
| 100 | 1 |
_aShelley, Mary Wollstonecraft, _d1797-1851. |
|
| 240 | 1 | 0 | _aFrankenstein |
| 245 | 1 | 4 |
_aThe annotated Frankenstein / _cMary Wollstonecraft Shelley |
| 260 |
_aCambridge, Mass. : _bThe Belknap Press of Harvard University Press, _c2012. |
||
| 300 |
_a278 p. : _c22 cm. |
||
| 504 | _aIncludes bibliographical references (p. [377]-381). | ||
| 600 | 1 | 0 |
_aFrankenstein, Victor _c(Fictitious character) _vFiction. |
| 600 | 0 | 0 |
_aFrankenstein's Monster _c(Fictitious character) _vFiction. |
| 650 | 0 |
_aScientists _vFiction. |
|
| 655 | 7 |
_aGothic fiction. _2gsafd |
|
| 655 | 7 |
_aHorror fiction. _2gsafd |
|
| 700 | 1 |
_aWolfson, Susan J., _d1948- |
|
| 700 | 1 | _aLevao, Ronald. | |
| 906 |
_a7 _bcbc _corignew _d1 _eecip _f20 _gy-gencatlg |
||
| 942 |
_2ddc _cBK |
||